000 01184nam a22002777a 4500
003 BD-DhSAU
005 20190529114719.0
008 160718b201 bg ||||| |||| 001 0 eng d
040 _aBD-DhSAU
082 _222
_a581.15
_bSh316
100 _a Sheak , Md. Eyahia
_eRegistration # 10-04104
245 _aCorrelation, Co-efficient and Genetic variability analysis in Mungbean (Vigna radiata L. Wilczek) /
_bMS thesis
_c Sheak , Md. Eyahia
260 _aSher-e-Bangla Agricultural Universities :
_bDepartment of Genetics and Plant Breeding,
_c2017
300 _axiii, 92 p. :
_bill. ;
_c30 cm.
500 _aMS thesis , Department of Genetics and Plant Breeding, Faculty of Agriculture, Sher-e-Bangla Agricultural University, Dhaka, Bangladesh
590 _aShofi
650 _aGenetics and Plant Breeding
650 _aCorrelation,
650 _aCo-efficient
650 _aGenetic variability analysi
650 _aMungbean (Vigna radiata L. Wilczek)
700 _a Hossain , Md. Sarowar
_eSupervisor
700 _aMahmud, Firoz
_eCo-Supervisor
856 _uhttp://archive.saulibrary.edu.bd:8080/xmlui/handle/123456789/2520
_yOnline Access
942 _2ddc
_cTHESIS
999 _c14719
_d14718